书目信息 |
| 书名: | Sandstone Hollow | |
| 作者: | Tang Feng-chang ; [photographs by Chih Yuan and Lan Hui]. | |
| 分册号: | ||
| 分册名: | 出版地: | Peking : |
|
| 出版社: | Foreign Languages Press | |
| 出版时间: | 1975. | |
| 页数: | 128 p., [12] leaves of plates : | |
| 开本: | 19 cm. | |
| 丛书名: | ||
| 中图分类号: | ||
| 科图分类号: | ||
| 其他分类号: | F320.2 | |
| 主题词: | ||
| 电子资源: | ||
| 000 | 01263nam a2200445 a 4500 | |
| 001 | E0731614391 | |
| 003 | CAL | |
| 005 | 20070726085322.53 | |
| 008 | 761001s1975 cc af 00000 eng | |
| 010 | @a 76372777 | |
| 015 | @aTranslation of Sha-shih-y鑥. | |
| 040 | @cPUL | |
| 041 | 1 | @aeng@achi |
| 043 | @aa-cc-hp | |
| 050 | 0 | @aHD1492.C52@bH6713 |
| 082 | @a330.9/51/15 | |
| 090 | @aF320.2 | |
| 093 | @aF320.2 | |
| 099 | @dF320.2@ex2 | |
| 240 | 00 | @aShashiyu. English |
| 245 | 00 | @aSandstone Hollow :@btransformation of a mountain village / @cTang Feng-chang ; [photographs by Chih Yuan and Lan Hui]. |
| 260 | @aPeking :@bForeign Languages Press,@c1975. | |
| 300 | @a128 p., [12] leaves of plates :@bill. ;@c19 cm. | |
| 610 | 20 | @aHo-pei sheng Tsun-hua hsien Y鑥eh-ko-chuang jen min kung she.@tSha-shih-y鑥 sheng ch癮n ta tui. |
| 700 | 10 | @aTang, Feng-zhang. |
| 920 | @a211010@bF320.2@cT156 @z1 | |
| 920 | @a212010@z1 | |
| 920 | @a245010@z1 | |
| 920 | @a215010@z1 | |
| 920 | @a242010@z1 | |
| 920 | @a231220@z1 | |
| 920 | @a223010@z1 | |
| 920 | @a242250@z2 | |
| 920 | @a242120@z1 | |
| 920 | @a211270@z1 | |
| 920 | @a246040@z1 | |
| 920 | @a222020@z2 | |
| 920 | @a243160@z1 | |
| 920 | @a237010@z1 | |
| 998 | @aPUL | |
| Sandstone Hollow : : transformation of a mountain village / / Tang Feng-chang ; [photographs by Chih Yuan and Lan Hui].-Peking : : Foreign Languages Press, , 1975. |
| 128 p., [12] leaves of plates : : ill. ; ; 19 cm. |
| ISBN |
| ● |
| 相关链接 |
|
|
|
|
正题名:Sandstone Hollow
索取号:F320.2/x2
 
预约/预借
| 序号 | 登录号 | 条形码 | 馆藏地/架位号 | 状态 | 备注 |
| 1 | 13847 | 300138474 | 第二样本阅览室/ [索取号:F320.2/x2] | 在馆 |